000 01086cam a22003497a 4500
003 CHAP
005 20220329133032.0
008 971013s1980 r 00010 d
010 _a1463
011 _a2435
035 _a1629
040 _cCHAP
082 _a595.7
_bM5
100 0 0 _aMilne, Lorus J.
_975871
245 1 4 _aThe Audubon society field guide to north American insects and spiders
260 _aNew York :
_bKnopf,
_c1980
300 _a989 p.
_b: ilus. ; láms.
590 _aBATCH-UPD
_b10
_c20130110
_lUCH01
_h1810
590 _aBATCH-UPD
_b10
_c20130409
_lUCH01
_h1858
590 _aBATCH-UPD
_b10
_c20130410
_lUCH01
_h1145
590 _aBATCH-UPD
_b10
_c20130914
_lUCH01
_h0500
590 _aCONVERSION
_b10
_c20130109
_lUCH01
_h1302
650 1 4 _aArácnidos.
_97284
650 1 4 _aAranas
_xE.U.A.
_96525
650 1 4 _aEntomología sistemática.
_937154
650 1 4 _aInsectos.
_958888
650 1 4 _aMariposas.
_971395
700 0 _aMilne, Margaret.
_975872
901 _aBK
942 _cLIBRO
949 _a595.7 M5
_bBC
_cLIBRO
_d33724000497236
_eLIBRO
_h78995
_i1629
_si
_t61.35
999 _c1463
_d1463